LEADER 00837nam a2200229 i 4500 001 000000165444 003 CaOOAMICUS 005 20240605114121.0 008 071017s1968 it u000 u ita u 040 $aSeMil$bita 100 1 $aCaballero Calderón, Eduardo,$d<1910-1993>.$0(OLS)http://semarc/name/40248 245 10$aSiervo senza terra /$cEduardo Caballero Calderón. 264 1$aMilano :$bIPL,$c1968. 300 $a263 p. ;$c19 cm. 490 1 $aIl Grappolo ;$v69 830 3$aIl grappolo ;$v69.$0(OLS)http://semarc/title/23873 850 $aSeMil 852 $aSeMil$W1$xVenegono$y1$m1W I 660$j248617$B116638$CSeMilBibl$Z2$F127555 $81 961 $aRecupero: Altro 996 $6245$aSiervo senza terra$9(OLS)http://semarc/title/236211 996 $6264$aMilano :$bIPL$9(OLS)http://semarc/publisher/30350 LEADER 00786nam a2200205 i 4500 001 000000240255 003 CaOOAMICUS 005 20150326000000.0 008 150326s1949 it u000 u ita u 013 $a219160 040 $aSeMil$bita 100 1 $aMentasti, Piero.$0(OLS)http://semarc/name/81512 245 10$aAlla conquista dell'efficienza /$cPiero Mentasti. 260 $aRoma :$bTipografia del Senato,$c1949. 300 $a95 p. ;$c24 cm. 650 4$aAziende - Efficienza.$0(OLS)http://semarc/subject/22655 850 $aSeMil 852 $aSeMil$W1$xVenegono$y1$m3N III 88$j190601$B190601$CSeMilBibl$Z2$F201452 $81 996 $6245$aAlla conquista dell'efficienza$9(OLS)http://semarc/title/341821 996 $6260$aRoma :$bTipografia del Senato$9(OLS)http://semarc/publisher/38925